000 00469nam a2200157Ia 4500
008 100122s9999 xx 000 0 und d
082 _b72318
_a823.08
100 _aटिळेकर चंद्रसेन
245 _aरती नीती कथा
250 _a0
260 _bअनुबंध प्रकाशन
_c2007
300 _a215
630 _aरती नीती कथा
730 _aरती नीती कथा
942 _cBOOK
999 _c388183
_d388180